| 000 | 00622nam a2200265 a 4500 | ||
|---|---|---|---|
| 003 | AR-BaBNM | ||
| 005 | 20251128203830.0 | ||
| 008 | 082120s2002 ||||||||||||||000 | spa|| | ||
| 020 | _a950-520-045-5 | ||
| 040 | _cAR-BaBNM | ||
| 100 | 1 | _aBorda, Guillermo A. | |
| 245 | 0 | 0 | _aManual de derecho de familia |
| 250 | _a9ยช ed. act. | ||
| 260 |
_aBuenos Aires _bPerrot _c1984 |
||
| 300 | _a518 p. | ||
| 650 | 4 | _aDERECHO CIVIL | |
| 650 | 4 | _aDERECHO DE FAMILIA | |
| 650 | 4 | _aMANUAL | |
| 650 | 4 | _aMATRIMONIO | |
| 650 | 4 | _aDIVORCIO | |
| 650 | 4 | _aADOPCION | |
| 650 | 4 | _aLEGISLACION | |
| 942 | _cBK | ||
| 998 | _cCARMEN | ||
| 999 |
_c5093 _d5093 |
||